Business Research Methods (Record no. 4762)

MARC details
005 - DATE AND TIME OF LATEST TRANSACTION
control field 20250624081250.0
020 ## - INTERNATIONAL STANDARD BOOK NUMBER
International Standard Book Number 978-1-264-70465-1
082 ## - DEWEY DECIMAL CLASSIFICATION NUMBER
Classification number 658.007 SCH
100 ## - MAIN ENTRY--PERSONAL NAME
Author name SCHINDLER, S . P
245 ## - TITLE STATEMENT
Title Business Research Methods
250 ## - EDITION STATEMENT
Edition statement 14th Ed.
260 ## - PUBLICATION, DISTRIBUTION, ETC.
Place of publication, distribution, etc. New York
Name of publisher, distributor, etc. McGraw-Hill Irwin
Date of publication, distribution, etc. 2022.
300 ## - PHYSICAL DESCRIPTION
Extent xxxi, 624p.: ill.; figures
Other physical details Appendix, Index, References
Dimensions 27cm
942 ## - ADDED ENTRY ELEMENTS (KOHA)
Source of classification or shelving scheme Dewey Decimal Classification
Koha item type Books
Holdings
Date last seen Total checkouts Full call number Barcode Cost, replacement price Price effective from Koha item type Lost status Source of classification or shelving scheme Damaged status Not for loan Withdrawn status Home library Current library Shelving location Date acquired Source of acquisition Cost, normal purchase price
06/24/2025   658.007 SCH MZA0001903 240000.00 06/24/2025 Books   Dewey Decimal Classification       CBE Mwanza CBE Mwanza General Collection 06/11/2024 Library Budget 80000.00
06/24/2025   658.007 SCH MZA0001904 240000.00 06/24/2025 Books   Dewey Decimal Classification       CBE Mwanza CBE Mwanza General Collection 06/11/2024 Library Budget 80000.00